Возраст и условия образования древних свит западного склона Южного Урала

التفاصيل البيبلوغرافية
المؤلف الرئيسي: Гарань М. И.
مؤلف مشترك: Уральское геологическое управление
اللغة:الروسية
منشور في: Москва, Госгеолиздат, 1946
الموضوعات:
التنسيق: كتاب
KOHA link:https://koha.lib.tpu.ru/cgi-bin/koha/opac-detail.pl?biblionumber=163168

MARC

LEADER 00000nam0a2200000 4500
001 163168
005 20231101222358.0
035 |a (RuTPU)RU\TPU\book\177004 
090 |a 163168 
100 |a 20090721d1946 m y0rusy50 ca 
101 0 |a rus 
102 |a RU 
105 |a y z 001zy 
200 1 |a Возраст и условия образования древних свит западного склона Южного Урала  |f М. И. Гарань  |g Уральское геологическое управление 
210 |a Москва  |c Госгеолиздат  |d 1946 
215 |a 50 с. 
320 |a Библиогр.: с. 48-50. 
610 1 |a стратиграфия 
610 1 |a Южный Урал 
610 1 |a отложения 
610 1 |a древние свиты 
610 1 |a литологический состав 
610 1 |a Русская платформа 
675 |a 551.7  |v 3 
700 1 |a Гарань  |b М. И. 
712 0 2 |a Уральское геологическое управление  |2 stltpush  |3 (RuTPU)RU\TPU\col\15491  |9 26158 
801 1 |a RU  |b 63413507  |c 20090721  |g PSBO 
801 2 |a RU  |b 63413507  |c 20210306  |g RCR 
942 |c BK